El entierro del conde de Orgaz

Salvato in:
Dettagli Bibliografici
Autore principale: Picasso, Pablo (Autore)
Natura: Libro
Lingua:spagnolo
Pubblicazione: Barcelona Gustavo Gili 1971
Serie:Letras del Arte
Soggetti:
Tags: Aggiungi Tag
Nessun Tag, puoi essere il primo ad aggiungerne!!

MARC

LEADER 00000nam a2200000 a 4500
001 UCL7753
003 CL-VaPUC
008 040528e19710000SP |||||||||||||||||spa|d
082 0 4 |a 868  |b PIC  |2 21 
100 0 |a Picasso, Pablo  |e author  |9 265273 
245 1 3 |a El entierro del conde de Orgaz 
300 |a 57 p 
942 |c BK 
945 |d 20040528 00:00:00  |a cmena 
260 |a Barcelona  |b Gustavo Gili  |c 1971 
600 0 7 |a PICASSO, PABLO 1881-1973  |2 CL-VaPUC  |9 458133 
650 0 |a Literatura española  |9 306261 
583 |a last modification  |c 20040528 00:00:00  |k Rodrigo Vera 
490 0 |a Letras del Arte 
999 |c 309372  |d 309370 
952 |0 0  |1 0  |4 0  |6 868_000000000000000_PIC_1971  |7 0  |8 R  |9 376802  |a BIBART  |b BIBART  |d 2019-11-21  |i 4018729  |o 868 PIC 1971  |p 4018729  |r 2025-03-13  |w 2019-11-21  |y BK_R  |k ART